00604 a2200169 4500003000500000005001700005040000900022082001000031100002900041245008200070260003900152300001500191505017300206538003000379650001400409651001100423Nust20170207153550.0 cNust a005.1 aAtif, Muhammad (MSCS-5) aAn efficient algorithm for data compression and its retrievalcMuhammad Atif  bMCS,NUSTcOctober 2000aRawalpindi ax, 79, p.; aIntroduction (page-3) General format of archives (page-16) Conceptual model (page-38) Implementation of compression software (page-49)Comparison and analysis (page-69)  aAlmirah No.69 Shelf No. 5 aPG Thesis aMSCS-5